Fundamentals of urban geography / (Record no. 168261)

MARC details
000 -LEADER
fixed length control field 00653nam a22001937a 4500
005 - DATE AND TIME OF LATEST TRANSACTION
control field 20191001125408.0
010 ## - LCCN (DPL NO)
LC control number ENG-126585
020 ## - INTERNATIONAL STANDARD BOOK NUMBER
International Standard Book Number 9788178442099
Terms of availability 995.00
035 ## - SYSTEM CONTROL NUMBER
System control number EN-110117
037 ## - SOURCE OF ACQUISITION
Source of stock number/acquisition DBAD/PUB
082 ## - DEWEY DECIMAL CLASSIFICATION NUMBER
Classification number 910
100 ## - MAIN ENTRY--PERSONAL NAME
Personal name Anoop Kumar Singh
245 ## - TITLE STATEMENT
Title Fundamentals of urban geography /
Statement of responsibility, etc by Anoop Kumar Singh
260 ## - PUBLICATION, DISTRIBUTION, ETC. (IMPRINT)
Place of publication, distribution, etc New Delhi
Name of publisher, distributor, etc K.K. Pubications
Date of publication, distribution, etc 2018
270 ## - ADDRESS
Address 4806/24, Bharat Ram Road
City Darya Ganj, New Delhi
Postal code 110002
Telephone number 011-23285167, 65185557
Electronic mail address info@kkpublications.com
300 ## - PHYSICAL DESCRIPTION
Extent viii;280p.
Dimensions 22cm(Hb)
500 ## - GENERAL NOTE
General note Includes bibliographical references and index
942 ## - ADDED ENTRY ELEMENTS (KOHA)
Source of classification or shelving scheme Dewey Decimal Classification
Item type English Books
Classification part 910
Call number suffix ANO
Holdings
Withdrawn status Lost status Not for loan Collection code Home library Current library Date acquired Source of acquisition Cost, normal purchase price Full call number Barcode Copy number Cost, replacement price Koha item type
      Non-fiction Sarojini Nagar Sarojini Nagar 01/10/2019 DBAD/PUB 995.00 910 ANO EN-110117 1 995.00 English Books

© Delhi Public Library
Hit Counter
free hit counter